header

Text & presentation. (Record no. 104762)

MARC details
000 -LEADER
fixed length control field 01331nam a2200325Ia 4500
245 00 - TITLE STATEMENT
Title Text & presentation.
260 ## - PUBLICATION, DISTRIBUTION, ETC. (IMPRINT)
Place of publication Jefferson, N.C. :
Name of publisher McFarland,
Year of publication c2006.
300 ## - PHYSICAL DESCRIPTION
Number of Pages ix, 262 p. :
Other physical details ill.
490 1# - SERIES STATEMENT
Series statement Comparative drama conference series ;
650 #0 - SUBJECT ADDED ENTRY--TOPICAL TERM
Topical Term Drama
Topical Term Theater
700 1# - ADDED ENTRY--PERSONAL NAME
Personal name Constantinidis, Stratos E.
856 40 - ELECTRONIC LOCATION AND ACCESS
Uniform Resource Identifier http://site.ebrary.com/lib/rucke/Doc?id=10359350

No items available.

© 2026 Rongo University
Contact us: librarian | system librarian | Rongo university